| 000 | 00372nam a2200157Ia 4500 | ||
|---|---|---|---|
| 008 | 151213s9999 xx 000 0 und d | ||
| 100 | _aDr, A.R. Khan | ||
| 245 |
_aBusiness Ethics _cDr, A.R. Khan |
||
| 250 | _a1st | ||
| 260 |
_aDhaka _bRubi Publisher _c2000 |
||
| 300 | _a4249 p. | ||
| 650 | _aBusiness | ||
| 650 | _aBusiness | ||
| 700 | _aDr, A.R. Khan | ||
| 999 |
_c2673 _d2673 |
||